| 000 | 00592nam a2200217 a 4500 | ||
|---|---|---|---|
| 999 |
_c579 _d579 |
||
| 008 | 190920s2011 ii ||||g |||| 001 0 eng d | ||
| 020 |
_a9788131509241 _cRs 325.00 |
||
| 040 |
_aKO _beng |
||
| 041 | 0 | _aeng | |
| 044 | _aii | ||
| 082 | 0 | 4 |
_23 _a515.35 _bZ651 |
| 100 | 1 | _aZill, Dennis G. | |
| 245 | 1 | 0 |
_aDifferential Equations / _cDennis G. Zill |
| 260 |
_aNew Delhi : _bCengage Learning India Private Limited, _c2009 |
||
| 300 |
_a387 p. ; _c24 cm. |
||
| 650 | 0 |
_aCalculus _vTextbooks |
|
| 650 | 0 |
_aCalculus _xDifferential calculus _vTextbooks |
|
| 904 | _aS_JOY | ||
| 942 | _cBK | ||